[Event "Xtracon Chess Open 2016"]
[Site "Elsinore"]
[Date "2016.07.29"]
[Round "8.129"]
[White "Nielsen, Angelo"]
[Black "Svensson, Lars Ake"]
[Result "1/2-1/2"]
[WhiteElo "1747"]
[BlackElo "1972"]
[PlyCount "138"]
[EventDate "2016.07.23"]

1. d4 f5 2. Nf3 d6 3. Bf4 Nf6 4. h3 g6 5. e3 c6 6. c3 Bg7 7. Nbd2 Nbd7 8. Bh2
Nb6 9. Qb3 d5 10. c4 Ne4 11. c5 Nd7 12. Be2 O-O 13. Nxe4 fxe4 14. Nd2 Nf6 15.
Be5 Nd7 16. Bg3 Rf7 17. f4 Nf6 18. Bh2 e6 19. g4 b6 20. cxb6 axb6 21. Qc2 Bd7
22. g5 Ne8 23. Nb3 Nd6 24. Bg1 Be8 25. h4 Rfa7 26. a3 Nf5 27. Bg4 Qd6 28. Rc1
Rc8 29. Qd2 Rac7 30. Bf2 c5 31. Bxf5 exf5 32. Kf1 Ba4 33. Na1 cxd4 34. Rxc7
Qxc7 35. exd4 Qc1+ 36. Qxc1 Rxc1+ 37. Kg2 Rxh1 38. Kxh1 Bd1 39. Kg1 Kf7 40. Be3
Ke6 41. Kf1 Bf8 42. Ke1 Ba4 43. Kd2 Kd7 44. b3 Bc6 45. Nc2 Bb5 46. Kc3 Bd6 47.
b4 Kc6 48. Na1 Ba4 49. Nb3 Kb5 50. Bd2 Ka6 51. Be3 Bb5 52. Nd2 Be2 53. Kb3 Bd1+
54. Kc3 Kb5 55. Kb2 Be2 56. Nb1 Kc4 57. Kc2 Bf8 58. Nc3 Bf1 59. Kd2 Bg7 60. a4
Bf8 61. a5 bxa5 62. bxa5 Bd6 63. a6 Bb8 64. Na4 Kb5 65. Nc3+ Kc6 66. Na4 Bg2
67. Kc3 Bf1 68. Nc5 Ba7 69. Kb4 Bxc5+ 1/2-1/2

[Event "Xtracon Chess Open 2016"]
[Site "Elsinore"]
[Date "2016.07.29"]
[Round "8.130"]
[White "Bennett, Owen"]
[Black "Mehringer, Joerg"]
[Result "0-1"]
[WhiteElo "1741"]
[BlackElo "1966"]
[PlyCount "58"]
[EventDate "2016.07.23"]

1. d4 Nf6 2. c4 e5 3. dxe5 Ng4 4. Nf3 Nc6 5. Bf4 Bb4+ 6. Nc3 Qe7 7. Qc2 Ngxe5
8. Nxe5 Nxe5 9. e3 d6 10. a3 Bxc3+ 11. Qxc3 O-O 12. Bd3 Nxd3+ 13. Qxd3 Qf6 14.
Qd4 Qg6 15. O-O-O b5 16. c5 dxc5 17. Qxc5 Bf5 18. f3 Qe6 19. e4 Bg6 20. Rd5 f5
21. e5 Bf7 22. Rhd1 a5 23. R5d3 Qa2 24. Qc2 c5 25. Kd2 c4 26. Rd6 b4 27. Qb1
c3+ 28. Ke1 Qxb1 29. Rxb1 Ba2 0-1

[Event "Xtracon Chess Open 2016"]
[Site "Elsinore"]
[Date "2016.07.29"]
[Round "8.131"]
[White "Larsen, Mette Dalsgaard"]
[Black "Strachan, Christian C"]
[Result "0-1"]
[WhiteElo "1715"]
[BlackElo "1964"]
[PlyCount "76"]
[EventDate "2016.07.23"]

1. d4 d5 2. c4 c6 3. e3 Nf6 4. Nc3 a6 5. Nf3 b5 6. cxd5 cxd5 7. Be2 Bb7 8. O-O
e6 9. b3 Nc6 10. Bb2 Bd6 11. Rc1 O-O 12. Bd3 Rc8 13. Qe2 Re8 14. Rfd1 Qe7 15.
Bb1 Rc7 16. h3 Rec8 17. e4 dxe4 18. Nxe4 Nxe4 19. Bxe4 f5 20. Bb1 Bf4 21. Rc3
Nb4 22. Rxc7 Rxc7 23. Ne1 Nd5 24. Nd3 Bd6 25. Nc5 Bc8 26. Nd3 Qf6 27. Qd2 g6
28. Re1 Qe7 29. Re2 Nf6 30. f3 Nd5 31. Qe1 Qf6 32. Ne5 Bb4 33. Qf2 Qe7 34. Nd3
Ba5 35. Nc5 Rc6 36. Rc2 Qd6 37. Re2 Bc7 38. Kf1 Qh2 0-1

[Event "Xtracon Chess Open 2016"]
[Site "Elsinore"]
[Date "2016.07.29"]
[Round "8.132"]
[White "Ornebjerg, Henrik"]
[Black "Choong, Liong-On Mark"]
[Result "0-1"]
[WhiteElo "1687"]
[BlackElo "1944"]
[PlyCount "69"]
[EventDate "2016.07.23"]

1. e4 c5 2. Nf3 Nc6 3. d4 cxd4 4. Nxd4 e6 5. Be3 Qc7 6. Be2 a6 7. O-O Nf6 8.
Nd2 b5 9. f3 Bd6 10. h3 Bb7 11. N2b3 Ne5 12. Nd2 Nc4 13. Nxc4 bxc4 14. c3 Nh5
15. Bf2 g5 16. Qe1 Nf4 17. Rd1 h5 18. b4 cxb3 19. axb3 Rg8 20. Bc4 g4 21. h4 g3
22. Be3 Qd8 23. Bxf4 Bxf4 24. Nxe6 fxe6 25. Bxe6 Qxh4 26. Bxd7+ Kf8 27. Bh3 Bc8
28. c4 Bxh3 29. Qb4+ Kg7 30. gxh3 Qxh3 31. Qe7+ Kh8 32. Qf6+ Rg7 33. Rd8+ Rxd8
34. Qxd8+ Kh7 35. Rd1 0-1

[Event "Xtracon Chess Open 2016"]
[Site "Elsinore"]
[Date "2016.07.29"]
[Round "8.133"]
[White "McAndrew, Robert"]
[Black "Brokso, Kim"]
[Result "1-0"]
[WhiteElo "1939"]
[BlackElo "1713"]
[PlyCount "67"]
[EventDate "2016.07.23"]

1. d4 d5 2. Nf3 g6 3. c4 c6 4. e3 Nf6 5. Be2 Bg7 6. b3 O-O 7. O-O Ne4 8. Bb2
dxc4 9. Bxc4 Qa5 10. Qc2 Ng5 11. Nxg5 Qxg5 12. f4 Qf6 13. Nd2 e6 14. Rab1 Qe7
15. Be2 Nd7 16. Nc4 Nb6 17. Ba3 Qd8 18. Nd6 Nd5 19. Qd2 Ne7 20. e4 Qc7 21. g4
Rd8 22. e5 b6 23. Qe3 Bd7 24. Rbd1 Bf8 25. Qh3 Nd5 26. f5 exf5 27. gxf5 Bxf5
28. Rxf5 gxf5 29. Qxf5 Bg7 30. Bd3 Ne7 31. Qxh7+ Kf8 32. Nf5 c5 33. Qxg7+ Ke8
34. Bb5+ 1-0

[Event "Xtracon Chess Open 2016"]
[Site "Elsinore"]
[Date "2016.07.29"]
[Round "8.134"]
[White "Nielsen, Carsten Juul"]
[Black "Kalveus, Jan"]
[Result "1-0"]
[WhiteElo "1939"]
[BlackElo "1773"]
[PlyCount "111"]
[EventDate "2016.07.23"]

1. d4 Nf6 2. c4 e6 3. Nf3 Bb4+ 4. Nc3 b6 5. Qb3 Be7 6. Bf4 Bb7 7. e3 d6 8. Bd3
O-O 9. e4 Nbd7 10. Rd1 Nh5 11. Be3 Kh8 12. Qc2 e5 13. dxe5 dxe5 14. Nd5 c6 15.
Nxe7 Qxe7 16. O-O c5 17. Nd2 Rad8 18. Be2 Nhf6 19. Rfe1 Nb8 20. f3 Nc6 21. Nb3
Nd7 22. a3 Ndb8 23. Bf1 Rc8 24. Bf2 h5 25. Re3 Nd4 26. Nxd4 cxd4 27. Rb3 Na6
28. f4 f6 29. Rh3 Qf7 30. Qe2 Nc5 31. Rxh5+ Kg8 32. fxe5 Nxe4 33. Bxd4 f5 34.
Rh3 Ng5 35. Rg3 Ne6 36. Qf2 Rcd8 37. Rgd3 Be4 38. R3d2 f4 39. Bc3 Rxd2 40. Rxd2
Qg6 41. c5 Nxc5 42. Bc4+ Kh7 43. Qh4+ Qh6 44. Qxh6+ Kxh6 45. b4 Na4 46. Ba1 Rc8
47. Bb3 Nc3 48. e6 Bg6 49. Bb2 Ne4 50. Rd7 Bf5 51. Rxa7 Bxe6 52. Bxe6 Rc2 53.
Bf5 Rxb2 54. Bxe4 g5 55. h3 g4 56. h4 1-0

[Event "Xtracon Chess Open 2016"]
[Site "Elsinore"]
[Date "2016.07.29"]
[Round "8.135"]
[White "Bennett, Rhys"]
[Black "Linderod, Lars Erik"]
[Result "0-1"]
[WhiteElo "1711"]
[BlackElo "1935"]
[PlyCount "67"]
[EventDate "2016.07.23"]

1. e4 c5 2. Nf3 Nc6 3. d4 cxd4 4. Nxd4 e5 5. Nb5 d6 6. N1c3 a6 7. Na3 Be7 8.
Nd5 Nf6 9. Nxf6+ Bxf6 10. c4 O-O 11. Bd3 Bg5 12. O-O Bxc1 13. Rxc1 Be6 14. Be2
Qb6 15. Qd2 Nb4 16. b3 Rfd8 17. Nb1 Rac8 18. Nc3 Nc6 19. Qg5 f6 20. Qh4 Bf7 21.
Bg4 Rc7 22. Bf5 g6 23. Qxf6 gxf5 24. Nd5 Bxd5 25. c5 Qb4 26. exd5 Rf7 27. Qg5+
Rg7 28. Qf6 Ne7 29. Rc4 Qa5 30. Qe6+ Kh8 31. cxd6 Qxd5 32. Qxd5 Nxd5 33. Rd1
Rxd6 34. f4 0-1

[Event "Xtracon Chess Open 2016"]
[Site "Elsinore"]
[Date "2016.07.29"]
[Round "8.136"]
[White "Johansen, Johnny Holler"]
[Black "Petersen, Jan"]
[Result "1-0"]
[WhiteElo "1919"]
[BlackElo "1694"]
[PlyCount "71"]
[EventDate "2016.07.23"]

1. d4 d5 2. c4 c6 3. Nf3 Nf6 4. Nc3 dxc4 5. a4 Bf5 6. Ne5 Nbd7 7. Nxc4 Qc7 8.
g3 e5 9. dxe5 Nxe5 10. Bf4 Nfd7 11. Bg2 f6 12. O-O Nc5 13. e4 Be6 14. Nxe5 fxe5
15. Qh5+ Qf7 16. Qxf7+ Kxf7 17. Bxe5 Nd3 18. Bd4 Nc5 19. Be3 Be7 20. Rfd1 Bb3
21. Bxc5 Bxd1 22. Bxe7 Bxa4 23. Nxa4 Kxe7 24. Kf1 b6 25. Ke2 Rhd8 26. f4 Rd4
27. Nxb6 Rad8 28. Rxa7+ Kf8 29. Bf3 Rd2+ 30. Ke1 Rxb2 31. Nd7+ Ke8 32. Bh5+ g6
33. Nf6+ Kf8 34. Nxh7+ Kg8 35. Nf6+ Kf8 36. Bxg6 1-0

[Event "Xtracon Chess Open 2016"]
[Site "Elsinore"]
[Date "2016.07.29"]
[Round "8.137"]
[White "Keen, Cosima"]
[Black "Grotle, Ramona"]
[Result "1-0"]
[WhiteElo "1918"]
[BlackElo "1632"]
[PlyCount "135"]
[EventDate "2016.07.23"]

1. e4 c6 2. d4 d5 3. exd5 cxd5 4. Bd3 Nc6 5. c3 Qc7 6. Ne2 Bg4 7. f3 Bd7 8. Bf4
e5 9. dxe5 Nxe5 10. Bxe5 Qxe5 11. O-O Bc5+ 12. Kh1 Nf6 13. Nd2 O-O 14. Qe1 Bf5
15. Bxf5 Qxf5 16. Nb3 Bd6 17. Nbd4 Qg6 18. Qh4 Qh5 19. Qxh5 Nxh5 20. Nf5 Rfe8
21. Ned4 Bc5 22. Rad1 g6 23. Nb3 b6 24. Nh6+ Kg7 25. Ng4 f5 26. Nf2 Bxf2 27.
Rxf2 Nf6 28. Kg1 Kf7 29. Nd4 a6 30. Kf1 Rac8 31. Rfd2 h6 32. Nc2 a5 33. Kf2 f4
34. Na3 Rc5 35. Nc2 g5 36. Ne1 Kg6 37. Nd3 Rc7 38. Nc1 h5 39. h3 Rc4 40. Re2
Rxe2+ 41. Nxe2 Rc8 42. h4 Re8 43. Rd4 Re5 44. hxg5 Kxg5 45. Nxf4 Rf5 46. g3 Re5
47. b4 Kh6 48. bxa5 bxa5 49. Ra4 Re8 50. Rxa5 Rc8 51. Ne2 Rc4 52. a4 Rc8 53.
Ra7 Rb8 54. a5 Rb2 55. a6 Kg6 56. Ra8 Ra2 57. a7 Kg7 58. Ke3 Nd7 59. Nf4 Nb6
60. Rb8 Nc4+ 61. Kd4 Rxa7 62. Kxd5 Ne3+ 63. Ke4 Re7+ 64. Kd3 Nf5 65. Rb5 Rd7+
66. Kc2 Nxg3 67. Rg5+ Kf6 68. Rxg3 1-0

[Event "Xtracon Chess Open 2016"]
[Site "Elsinore"]
[Date "2016.07.29"]
[Round "8.138"]
[White "Skaale, Janus"]
[Black "Stuhr, Peter Sebastian"]
[Result "1-0"]
[WhiteElo "1628"]
[BlackElo "1918"]
[PlyCount "63"]
[EventDate "2016.07.23"]

1. e4 d6 2. d4 Nf6 3. Nc3 Nbd7 4. Nf3 e5 5. Bc4 Be7 6. O-O c6 7. a4 a5 8. h3
Qc7 9. Be3 h6 10. Re1 Nf8 11. d5 Rg8 12. Ba2 g5 13. Nd2 h5 14. Nc4 Ra6 15. Qd2
N6h7 16. Rad1 Rg6 17. Kh2 f5 18. f3 g4 19. Qe2 Bh4 20. Rg1 f4 21. Bc1 Bg3+ 22.
Kh1 gxh3 23. gxh3 Bxh3 24. dxc6 Rxc6 25. Nb5 Qe7 26. Ncxd6+ Rgxd6 27. Nxd6+
Rxd6 28. Rxd6 Qh4 29. Rxg3 Bf1+ 30. Qh2 Qxg3 31. Qxh5+ Ke7 32. Qxe5+ 1-0

[Event "Xtracon Chess Open 2016"]
[Site "Elsinore"]
[Date "2016.07.29"]
[Round "8.139"]
[White "Nielsen, Thomas"]
[Black "van den Brink, Nienke"]
[Result "1/2-1/2"]
[WhiteElo "1906"]
[BlackElo "1612"]
[PlyCount "78"]
[EventDate "2016.07.23"]

1. d4 Nf6 2. c4 c5 3. d5 b5 4. cxb5 a6 5. Nc3 g6 6. e4 d6 7. Nf3 Bg7 8. Be2 O-O
9. O-O axb5 10. Bxb5 Qb6 11. Nd2 Ba6 12. Nc4 Qb7 13. Bxa6 Qxa6 14. Qe2 Nfd7 15.
Re1 Ne5 16. Nxe5 Bxe5 17. Bh6 Rc8 18. Qg4 Qb7 19. Rab1 Na6 20. Kh1 Nb4 21. f4
Bd4 22. Rbd1 Nc2 23. Ne2 Nxe1 24. Rxe1 Qxb2 25. f5 Rcb8 26. fxg6 hxg6 27. h4
Bg7 28. Bg5 Qe5 29. Ng3 f5 30. Qf3 Qc3 31. Re3 Qc1+ 32. Kh2 Be5 33. exf5 Rb1
34. Kh3 Bxg3 35. Kxg3 Qc2 36. Rxe7 Qxf5 37. Qc3 Qf8 38. Qd3 Qf5 39. Qc3 Qf8
1/2-1/2

[Event "Xtracon Chess Open 2016"]
[Site "Elsinore"]
[Date "2016.07.29"]
[Round "8.140"]
[White "Yilmaz, Kazim"]
[Black "Lunde, Sigmund"]
[Result "0-1"]
[WhiteElo "1542"]
[BlackElo "1894"]
[PlyCount "152"]
[EventDate "2016.07.23"]

1. e4 c5 2. Nc3 d6 3. Nf3 Nc6 4. Bc4 e6 5. d4 cxd4 6. Nxd4 Bd7 7. Ndb5 Ne5 8.
Be2 Bc6 9. Bf4 a6 10. Nd4 Bd7 11. Nf3 Qc7 12. O-O Nf6 13. Qd2 Bc6 14. Qe3 b5
15. a3 Be7 16. Nxe5 dxe5 17. Bg3 O-O 18. Kh1 Qb7 19. Bxe5 Nxe4 20. Nxe4 Bxe4
21. Bf3 Bxf3 22. Qxf3 Qxf3 23. gxf3 Rfd8 24. Rfd1 f6 25. Bf4 Rac8 26. c3 Rxd1+
27. Rxd1 Rd8 28. Rxd8+ Bxd8 29. Be3 Be7 30. f4 Kf7 31. Kg2 Kg6 32. Kf3 Kf5 33.
h3 Bd6 34. Bd2 h6 35. Be3 g6 36. h4 h5 37. Bd2 e5 38. fxe5 fxe5 39. Bg5 e4+ 40.
Ke3 Bc5+ 41. Ke2 Ke5 42. f3 Kd5 43. fxe4+ Kxe4 44. Kd2 Bd6 45. Kc2 Kf5 46. Kb3
Bf4 47. Bd8 g5 48. hxg5 Bxg5 49. Bc7 h4 50. Bh2 Bf4 51. Bg1 Kg4 52. c4 bxc4+
53. Kxc4 Bc1 54. Kd3 Bxb2 55. Ke2 Bxa3 56. Kf1 a5 57. Bd4 a4 58. Kg2 Be7 59.
Bb2 Kf4 60. Kh3 Ke3 61. Bc1+ Kd3 62. Bb2 Kc2 63. Bd4 a3 64. Ba1 Bb4 65. Kxh4
Bc3 66. Bxc3 Kxc3 67. Kg3 a2 68. Kf3 a1=Q 69. Ke3 Qe1+ 70. Kf4 Kd4 71. Kg5 Qf2
72. Kg6 Ke5 73. Kg7 Qf6+ 74. Kg8 Qe7 75. Kh8 Kf6 76. Kg8 Qg7# 0-1

[Event "Xtracon Chess Open 2016"]
[Site "Elsinore"]
[Date "2016.07.29"]
[Round "8.141"]
[White "Andersen, Daniel"]
[Black "Vestjord, Harald Christian"]
[Result "1-0"]
[WhiteElo "1875"]
[BlackElo "1608"]
[PlyCount "61"]
[EventDate "2016.07.23"]

1. c4 c5 2. Nf3 Nf6 3. Nc3 Nc6 4. e3 e6 5. d4 cxd4 6. exd4 d5 7. c5 a6 8. Bd3
Be7 9. O-O O-O 10. a3 Nd7 11. b4 e5 12. Nxd5 exd4 13. Nxe7+ Qxe7 14. Bb2 a5 15.
Re1 Qf6 16. b5 Nd8 17. Bxd4 Qf4 18. Be3 Qc7 19. Qc2 h6 20. Rac1 Ne6 21. c6 Nf6
22. Qb2 Nd5 23. Be4 Nxe3 24. cxb7 Bxb7 25. Rxc7 Bxe4 26. Rcc1 Bxf3 27. Rxe3 Bb7
28. b6 Rfd8 29. h3 Rd7 30. Rxe6 fxe6 31. Rc7 1-0

[Event "Xtracon Chess Open 2016"]
[Site "Elsinore"]
[Date "2016.07.29"]
[Round "8.143"]
[White "Kvaloy, Aksel Bu"]
[Black "Svensson, Erik"]
[Result "1-0"]
[WhiteElo "1533"]
[BlackElo "1848"]
[PlyCount "53"]
[EventDate "2016.07.23"]

1. d4 d5 2. Nf3 Nf6 3. e3 Bf5 4. Bd3 Bg6 5. O-O Nbd7 6. b3 c6 7. Bb2 e6 8. Ne5
Bd6 9. Nd2 Qe7 10. f4 Ba3 11. Bxa3 Qxa3 12. Ndf3 O-O 13. Nxg6 hxg6 14. Ne5 c5
15. Rf3 Rfc8 16. Rh3 Kf8 17. g4 Nxe5 18. fxe5 Nd7 19. Qf3 Ke7 20. Rf1 Rf8 21.
Rh7 cxd4 22. exd4 Qb4 23. Qf2 Kd8 24. Rxg7 Kc7 25. Qe3 Qe7 26. Bxg6 Qh4 27. Bh5
1-0

[Event "Xtracon Chess Open 2016"]
[Site "Elsinore"]
[Date "2016.07.29"]
[Round "8.144"]
[White "Smeby, Ole"]
[Black "Merkesvik, Amalie Isabel"]
[Result "1-0"]
[WhiteElo "1847"]
[BlackElo "1574"]
[PlyCount "61"]
[EventDate "2016.07.23"]

1. d4 d5 2. c4 c6 3. e3 Nf6 4. Nf3 Bf5 5. Nc3 e6 6. cxd5 exd5 7. Be2 Bd6 8. O-O
Nbd7 9. Nh4 Bg6 10. Nxg6 hxg6 11. h3 Qc7 12. a3 a5 13. Bd2 Nf8 14. Rc1 Qd7 15.
f4 N8h7 16. g4 g5 17. f5 Ne4 18. Nxe4 dxe4 19. Qe1 Nf6 20. Kg2 b6 21. a4 Nd5
22. Rxc6 Ke7 23. Bb5 Qd8 24. Qe2 Rxh3 25. Rh1 Rxh1 26. Kxh1 Qh8+ 27. Kg1 Qh3
28. Qg2 Rh8 29. Qxe4+ Kd7 30. Rxd6+ Kxd6 31. Qe5# 1-0

[Event "Xtracon Chess Open 2016"]
[Site "Elsinore"]
[Date "2016.07.29"]
[Round "8.145"]
[White "Larsen, Preben R"]
[Black "Jacobsen, Caroline Beer"]
[Result "1-0"]
[WhiteElo "1846"]
[BlackElo "1544"]
[PlyCount "93"]
[EventDate "2016.07.23"]

1. e4 e5 2. Nf3 Nc6 3. Bc4 Nf6 4. Ng5 d5 5. exd5 Na5 6. d3 Nxc4 7. dxc4 Bc5 8.
Nc3 O-O 9. Nge4 Nxe4 10. Nxe4 Be7 11. Qh5 f6 12. h4 Bd7 13. Bd2 Be8 14. Qe2 Rb8
15. Rh3 b5 16. Rb3 bxc4 17. Qxc4 Bf7 18. Rxb8 Qxb8 19. O-O-O Qb7 20. Ba5 Rb8
21. b3 Ba3+ 22. Kb1 c5 23. Nd6 Qd7 24. Nxf7 Qxf7 25. Qa4 Qh5 26. Rd2 Bb4 27.
Bxb4 Rxb4 28. Qxa7 Qxh4 29. d6 Rd4 30. Qe7 h6 31. Qe6+ Kh7 32. Rxd4 Qxd4 33. d7
Qd1+ 34. Kb2 Qd4+ 35. c3 Qd2+ 36. Ka3 Qc1+ 37. Ka4 Qxc3 38. Qc4 Qd2 39. Qe4+
Kh8 40. Qb7 Qxa2+ 41. Kb5 Qxb3+ 42. Kc6 Qa4+ 43. Kc7 Qa5+ 44. Kc8 Kh7 45. Qe4+
Kh8 46. d8=Q+ Qxd8+ 47. Kxd8 1-0

[Event "Xtracon Chess Open 2016"]
[Site "Elsinore"]
[Date "2016.07.29"]
[Round "8.146"]
[White "Skjolingstad, Sverre"]
[Black "Moller, Arne"]
[Result "0-1"]
[WhiteElo "1509"]
[BlackElo "1843"]
[PlyCount "71"]
[EventDate "2016.07.23"]

1. e4 c5 2. Nf3 d6 3. d4 cxd4 4. Nxd4 Nf6 5. Nc3 a6 6. Rg1 e6 7. g4 Be7 8. g5
Nfd7 9. Be3 Nc6 10. Qd2 Nde5 11. Be2 Qc7 12. f4 Nd7 13. f5 Nde5 14. fxe6 Bxe6
15. Nd5 Bxd5 16. exd5 Nxd4 17. Bxd4 O-O-O 18. Qc3 f6 19. gxf6 Bxf6 20. O-O-O
Qxc3 21. Bxc3 Rde8 22. Ba5 Kb8 23. Rg3 Rc8 24. Bb6 Rhe8 25. Rg2 Nc4 26. Bxc4
Rxc4 27. Rd3 Rce4 28. b3 h6 29. Ba5 Re2 30. Rxe2 Rxe2 31. h3 Bh4 32. Kb2 Bf6+
33. Kc1 Rh2 34. Bb4 Rh1+ 35. Kd2 Kc7 36. Rg3 0-1

[Event "Xtracon Chess Open 2016"]
[Site "Elsinore"]
[Date "2016.07.29"]
[Round "8.147"]
[White "Kristian, Pade Frederiksen"]
[Black "Vinther, Christoffer"]
[Result "1-0"]
[WhiteElo "1832"]
[BlackElo "1509"]
[PlyCount "37"]
[EventDate "2016.07.23"]

1. d4 d6 2. Nf3 Nf6 3. g3 g6 4. Bg2 Bg7 5. O-O O-O 6. c4 Bf5 7. Nc3 Nbd7 8. Nh4
Nb6 9. Nxf5 gxf5 10. Qd3 Qd7 11. Bxb7 Rab8 12. Bg2 e5 13. dxe5 dxe5 14. Qxd7
Nfxd7 15. Rd1 Nf6 16. b3 Nc8 17. Ba3 Re8 18. Bc6 Bf8 19. Bxe8 1-0

[Event "Xtracon Chess Open 2016"]
[Site "Elsinore"]
[Date "2016.07.29"]
[Round "8.148"]
[White "Fridthjofsdottir, Sigurl. Regina"]
[Black "Ronnestad, Liam Jansson"]
[Result "1/2-1/2"]
[WhiteElo "1815"]
[BlackElo "1502"]
[PlyCount "82"]
[EventDate "2016.07.23"]

1. e4 c5 2. Nc3 g6 3. g3 Bg7 4. Bg2 Nc6 5. d3 Nf6 6. Nge2 O-O 7. O-O d6 8. f4
e6 9. Rb1 a6 10. Bd2 Qc7 11. Qc1 h5 12. h3 Rd8 13. f5 exf5 14. exf5 Bxf5 15.
Bh6 Qd7 16. Bxg7 Kxg7 17. Nf4 Ne7 18. Ncd5 Nexd5 19. Nxd5 Nxd5 20. Bxd5 Rf8 21.
Qf4 f6 22. h4 Rae8 23. Rbe1 b5 24. Rxe8 Rxe8 25. Rc1 Qe7 26. Be4 Bxe4 27. dxe4
Qxe4 28. c3 Re6 29. Qxe4 Rxe4 30. Rd1 Re6 31. Kf2 g5 32. hxg5 fxg5 33. Kf3 Kf6
34. Rd5 a5 35. b3 b4 36. cxb4 axb4 37. Kf2 Kg6 38. Kf3 Kf6 39. Kf2 Kg6 40. Kf3
Kf6 41. Kf2 Kg6 1/2-1/2

[Event "Xtracon Chess Open 2016"]
[Site "Elsinore"]
[Date "2016.07.29"]
[Round "8.150"]
[White "Sidali, Elias Hulleberg"]
[Black "Bering, Anders"]
[Result "1/2-1/2"]
[WhiteElo "1491"]
[BlackElo "1967"]
[PlyCount "43"]
[EventDate "2016.07.23"]

1. e4 c5 2. Nf3 d6 3. Bb5+ Bd7 4. Bxd7+ Qxd7 5. b3 Nf6 6. d3 g6 7. Bb2 Bg7 8.
O-O Nc6 9. Nbd2 O-O 10. Re1 b5 11. e5 Ng4 12. Ne4 Ngxe5 13. Nxe5 Nxe5 14. Nxc5
Qc7 15. Ne4 Nf3+ 16. Qxf3 Bxb2 17. Rab1 Qxc2 18. Rbd1 Rac8 19. Rd2 Bd4 20. Rxc2
Rxc2 21. a4 Rfc8 22. g3 1/2-1/2

[Event "Xtracon Chess Open 2016"]
[Site "Elsinore"]
[Date "2016.07.29"]
[Round "8.151"]
[White "Stam, Bart"]
[Black "Kristensen, Lars Ostergaard"]
[Result "1-0"]
[WhiteElo "1929"]
[BlackElo "1710"]
[PlyCount "41"]
[EventDate "2016.07.23"]

1. e4 c6 2. d4 d5 3. exd5 cxd5 4. Bd3 Nf6 5. c3 Qc7 6. Ne2 e6 7. Bf4 Bd6 8.
Bxd6 Qxd6 9. O-O O-O 10. Ng3 Bd7 11. Nd2 Nc6 12. f4 Rfe8 13. Qf3 Rac8 14. Rae1
Na5 15. Nh5 Nxh5 16. Qxh5 g6 17. Qh4 Qf8 18. Re3 Re7 19. f5 gxf5 20. Rg3+ Kh8
21. Qf6+ 1-0

[Event "Xtracon Chess Open 2016"]
[Site "Elsinore"]
[Date "2016.07.29"]
[Round "8.152"]
[White "Joensson, Jacob"]
[Black "Skjoldager, Flemming"]
[Result "0-1"]
[WhiteElo "1680"]
[BlackElo "1926"]
[PlyCount "120"]
[EventDate "2016.07.23"]

1. d4 Nf6 2. c4 e6 3. Nc3 d5 4. Nf3 Bb4 5. Bg5 Nbd7 6. e3 c6 7. Bd3 Qa5 8. Qb3
Ne4 9. Bxe4 dxe4 10. Ne5 Nxe5 11. dxe5 O-O 12. O-O Bxc3 13. Qxc3 Qxc3 14. bxc3
f6 15. Bf4 b6 16. Rfd1 c5 17. Rd6 Re8 18. a4 Ba6 19. a5 Bxc4 20. axb6 axb6 21.
Rxa8 Rxa8 22. h4 b5 23. Rc6 f5 24. Bg5 Ra3 25. Rxc5 Rxc3 26. Be7 Rd3 27. Bd6 h6
28. h5 Rd1+ 29. Kh2 Be2 30. Rc8+ Kh7 31. Rb8 Ra1 32. Rb7 Ra8 33. Kg3 Rg8 34. f3
exf3 35. gxf3 Ra8 36. Kf4 Bc4 37. Kg3 Ra1 38. Be7 Ra8 39. Bd6 Kg8 40. Kf4 Kh7
41. Kg3 Kg8 42. Kf4 Ra1 43. Rb8+ Kh7 44. Rb7 Rf1 45. Kg3 Bd5 46. Rxb5 Rxf3+ 47.
Kh4 Rxe3 48. Rb2 Bf3 49. Rh2 Bg4 50. Bc7 Kg8 51. Bd6 Rd3 52. Bb4 Kh7 53. Bd6
Bd1 54. Be7 Bg4 55. Bb4 Bxh5 56. Kxh5 g6+ 57. Kh4 Rd4+ 58. Kg3 Rxb4 59. Ra2 Rb7
60. Ra6 Re7 0-1

[Event "Xtracon Chess Open 2016"]
[Site "Elsinore"]
[Date "2016.07.29"]
[Round "8.153"]
[White "Stockhaug, Jon Arne"]
[Black "Christiansen, Torsten Sundgaar"]
[Result "0-1"]
[WhiteElo "1901"]
[BlackElo "1708"]
[PlyCount "142"]
[EventDate "2016.07.23"]

1. Nf3 Nf6 2. c4 g6 3. g3 Bg7 4. Bg2 c6 5. O-O O-O 6. Nc3 d6 7. d4 Bf5 8. Re1
d5 9. cxd5 cxd5 10. Qb3 Qb6 11. Nxd5 Nxd5 12. Qxd5 Rd8 13. Qb3 Nc6 14. Qxb6
axb6 15. e4 Bg4 16. Be3 Nb4 17. Red1 Nc2 18. Rac1 Nxd4 19. Bxd4 Bxf3 20. Bxf3
Bxd4 21. a3 Bxb2 22. Rxd8+ Rxd8 23. Rd1 Rxd1+ 24. Bxd1 Bxa3 25. f3 b5 26. Kf1
Bc5 27. Bb3 b6 28. Ke2 Kg7 29. h3 Kf6 30. f4 e5 31. Kf3 Bd4 32. g4 exf4 33.
Kxf4 g5+ 34. Kf3 Ke7 35. Ke2 f6 36. Kd3 Bc5 37. e5 fxe5 38. Ke4 Kd6 39. Bg8 h6
40. Bf7 Bd4 41. Kd3 Kc5 42. Bg8 Kb4 43. Bd5 Ka3 44. Kc2 b4 45. Be6 b5 46. Bd5
Be3 47. Be6 Bc5 48. Bd5 Bd4 49. Be6 e4 50. Bf5 b3+ 51. Kb1 e3 52. Bd3 Kb4 53.
Be2 Kc5 54. Bd3 b4 55. Kc1 Bc3 56. Kd1 Kd4 57. Ke2 Bd2 58. Bg6 Kc3 59. Bf5 Kb2
60. Be6 Ka3 61. Bf5 b2 62. Bb1 Kb3 63. Kd3 Bc1 64. Ke2 Kc3 65. Bf5 b3 66. Bh7
b1=Q 67. Bxb1 Kb2 68. Bd3 Ka1 69. Be4 b2 70. Bd3 b1=Q 71. Bxb1 Kxb1 0-1

[Event "Xtracon Chess Open 2016"]
[Site "Elsinore"]
[Date "2016.07.29"]
[Round "8.154"]
[White "Hansen, Tommy"]
[Black "Tolba, Henri"]
[Result "1-0"]
[WhiteElo "1835"]
[BlackElo "1688"]
[PlyCount "85"]
[EventDate "2016.07.23"]

1. e4 c6 2. d4 d5 3. exd5 cxd5 4. c4 Nf6 5. Nc3 e6 6. Nf3 Be7 7. cxd5 Nxd5 8.
Bd3 Nxc3 9. bxc3 Nd7 10. O-O O-O 11. Qe2 Nf6 12. Bg5 Nd5 13. Bxe7 Qxe7 14. Qc2
g6 15. Rab1 b6 16. Rfe1 f5 17. Qd2 Kg7 18. Bc4 Bb7 19. Ne5 Rf6 20. Bb3 h6 21.
Nf3 g5 22. Bxd5 Bxd5 23. Ne5 Rc8 24. Rbc1 Qb7 25. f3 b5 26. Nd3 Qb6 27. Nc5 Qc6
28. Nd3 Qb6 29. Re5 Qc6 30. Nb4 Qb7 31. Nxd5 exd5 32. Rce1 Kg6 33. Qd3 Qc6 34.
R1e3 b4 35. cxb4 Qc1+ 36. Re1 Qb2 37. R1e2 Rc1+ 38. Kf2 Qa1 39. Re6 Rf1+ 40.
Kg3 Rxe6 41. Rxe6+ Kh5 42. Qxf5 Rxf3+ 43. Qxf3+ 1-0

[Event "Xtracon Chess Open 2016"]
[Site "Elsinore"]
[Date "2016.07.29"]
[Round "8.155"]
[White "Hansen, Henrik Damgaard"]
[Black "Haugaard, Thomas"]
[Result "0-1"]
[WhiteElo "1831"]
[BlackElo "1672"]
[PlyCount "96"]
[EventDate "2016.07.23"]

1. e4 e5 2. Nf3 Nc6 3. d4 exd4 4. Nxd4 Bb4+ 5. c3 Bc5 6. Be3 Bb6 7. Bc4 Nf6 8.
Nd2 O-O 9. O-O d5 10. exd5 Nxd4 11. cxd4 Nxd5 12. Qf3 Be6 13. Bxd5 Bxd5 14. Qf4
c6 15. Qg3 Qf6 16. Qe5 Qxe5 17. dxe5 Bxe3 18. fxe3 c5 19. b3 Rfe8 20. Nf3 Bxf3
21. gxf3 Rxe5 22. Kf2 Rd5 23. Rad1 Rad8 24. Rxd5 Rxd5 25. Ke2 Kf8 26. Rc1 Ke7
27. Rg1 g6 28. Rg4 b5 29. a3 Rh5 30. Rg2 Kd6 31. Kd3 Rh3 32. f4 c4+ 33. bxc4
bxc4+ 34. Kd4 Kc6 35. Re2 Kb5 36. Kd5 a5 37. Kd4 f5 38. Kd5 Rf3 39. Kd4 Rf1 40.
Rb2+ Ka4 41. Kxc4 Kxa3 42. Rb7 a4 43. Rxh7 Rc1+ 44. Kd3 Rb1 45. Rc7 Ka2 46.
Rc2+ Rb2 47. Kc3 a3 48. h3 Kb1 0-1

[Event "Xtracon Chess Open 2016"]
[Site "Elsinore"]
[Date "2016.07.29"]
[Round "8.156"]
[White "Madsen, Svend"]
[Black "Calderon, Paul"]
[Result "1-0"]
[WhiteElo "1638"]
[BlackElo "1828"]
[PlyCount "126"]
[EventDate "2016.07.23"]

1. e4 c5 2. c3 Nf6 3. e5 Nd5 4. Bc4 e6 5. Nf3 Nc6 6. O-O Be7 7. d4 cxd4 8. cxd4
O-O 9. a3 d6 10. Bd2 Qb6 11. Nc3 Nxc3 12. Bxc3 Rd8 13. Qc2 Qc7 14. Bd3 h6 15.
Qe2 b6 16. Qe4 g6 17. Qe3 Kh7 18. Bd2 Bf8 19. h4 Bg7 20. h5 Bb7 21. hxg6+ fxg6
22. Nh4 dxe5 23. Nxg6 Nxd4 24. Rac1 Qd6 25. Nxe5+ Nf5 26. Bxf5+ exf5 27. Bc3
Re8 28. Rfe1 Qd5 29. Qg3 Re6 30. Rcd1 Qb5 31. Rd7 Qxd7 32. Nxd7 Rg6 33. Qxg6+
Kxg6 34. Bxg7 Kxg7 35. Re7+ Kg6 36. Nxb6 axb6 37. Rxb7 Ra6 38. Rb8 Kg5 39. g3
Kf6 40. f4 Kg6 41. Kg2 Kf6 42. Kh3 Kf7 43. Kh4 Kg6 44. Rb7 Kf6 45. Kh5 b5 46.
Rh7 Ra8 47. Rxh6+ Kf7 48. Rb6 Rg8 49. Rxb5 Rxg3 50. Rxf5+ Ke6 51. Rg5 Rb3 52.
Kg6 Rxb2 53. f5+ Ke7 54. Kg7 Rb7 55. f6+ Ke6+ 56. Kg6 Ra7 57. Rg3 Ra4 58. Re3+
Kd7 59. f7 Rf4 60. Kg7 Rg4+ 61. Kf6 Ra4 62. Rg3 Kd6 63. Kg7 Ra7 1-0